Statistiche per Vincitori FA Community Shield

Clicka qui per fare il quiz!

Statistiche generali

  • Questo quiz è stato fatto 14 volte
  • Il punteggio medio è 93 su 112

Statistiche sulle risposte

EdizioneVincitori% Corretto
1930 | 1931 | 1933 | +14 othersArsenal
100%
1964 | 1965 | 1966 | +13 othersLiverpool
100%
1937 | 1968 | 1972 | +3 othersManchester City
100%
1908 | 1911 | 1952 | +18 othersManchester United
100%
1981Aston Villa
92%
1955 | 2000 | 2005 | 2009Chelsea
92%
1928 | 1932 | 1963 | +6 othersEverton
92%
1921 | 1951 | 1961 | +4 othersTottenham
92%
1971 | 2021Leicester City
83%
1964West Ham United
83%
1912Blackburn
75%
1909Newcastle United
75%
1978Nottingham Forest
75%
1936Sunderland
67%
1949 | 1954 | 1959 | 1960Wolverhampton
67%
1960 | 1973Burnley
58%
1975Derby County
58%
1920 | 1954West Bromwich
58%
1910Brighton
50%
1969 | 1992Leeds United
50%
1927Cardiff City
42%
1935Sheffield Wednesday
33%
1958Bolton
25%
1949Portsmouth
17%
1922Huddersfield Town
0%
1925 | 1926Inghilterra (dilettanti)
0%
1913 | 1923 | 1924 | +2 othersInghilterra (professionisti)
0%

Distribuzione punteggi

Percentile per numero di risposta

Percentuale di utenti per punteggio

I tuoi punteggi nel tempo

Non hai fatto questo quiz